000 00926cam a2200265 4500
001 WS108710
008 000000n 000 0 eng u
035 _a(Sirsi) u108710
110 _aEuropean Mortgage Federation
_93838
245 _aEuropean Mortgage Federation
520 _aSite for this European organisation representing mortgage lenders. Includes detailed statistics and an outline of recent developments in the mortgage markets. Also links to their paid information service 'Mortgage Information'.
650 _aMORTGAGES
650 _aEUROPE
650 _aBUILDING SOCIETIES
650 _aBANKS
650 _aHOUSING FINANCE
650 _aSTATISTICS
650 _aINTERNATIONAL
650 _aORGANISATION
650 _aRESIDENTIAL
650 _aINSURANCE COMPANIES
690 _aHOUSING-FINANCE
856 4 0 _uhttps://www.hypo.org
_zView the website free of charge at www.hypo.org...
942 _n0
999 _c119688
_d119688